Score 0/48 Timer 05:00
3 Plays Today
% Correct
Romeo
97.5%
Lady
96.5%
Barbie
96.3%
Kermit
96.2%
Adam
96%
Batman
95.8%
Beavis
95.6%
Bonnie
95.6%
Mario
95.1%
Jekyll
95%
Simon
94.8%
Tom
94.3%
Bert
93.5%
Tarzan
93.1%
Thelma
92.8%
Cain
92.6%
Lennon
92.5%
Butch Cassidy
92.4%
Woody
91.8%
Mary-Kate
91.4%
Sonny
91.4%
Chip
90.7%
Holmes
90.2%
Pocahontas
90%
% Correct
Robin Hood
89.2%
Antony
88.1%
Rocky
87.2%
Hall
86.5%
Abbott
86.4%
Will
86.4%
Ren
85.8%
Calvin
85.3%
Harold
85.1%
Penn
84.3%
Laverne
82.1%
Laurel
80.6%
Gilligan
80.5%
Ike
80.1%
Donny
79.9%
Cagney
78.2%
Rodgers
78.1%
Rosencrantz
75.3%
Porgy
72.4%
Gilbert
71.7%
Fred
70.1%
Watson
56.4%
Bialystock
46.9%
Vladimir
41%
Remove Ads.
Support Sporcle.
Get the best of Sporcle when you Go Orange. This ad-free experience offers more features, more stats, and more fun while also helping to support Sporcle. Thank you for becoming a member.

You're not logged in!

Compare scores with friends on all Sporcle quizzes.
OR
Log In

Show Comments

Extras

Top Quizzes Today


Score Distribution

Your Account Isn't Verified!

In order to create a playlist on Sporcle, you need to verify the email address you used during registration. Go to your Sporcle Settings to finish the process.

Report this User

Report this user for behavior that violates our Community Guidelines.

Details: